banner-ar

برامج الاطفال فى الراديو والتليفزيون 0 حلقة دراسية - دراسات وبحوث اذاعية / (Record no. 50502)

MARC details
000 -الفاتح
حقل البيانات ثابتة الطول 00777nam a2200205Ia 4500
008 - عناصر البيانات ثابتة الطول - معلومات عامة
حقل البيانات ثابتة الطول 140319s9999 xx 000 0 ara d
040 ## - مصدر الفهرسة
وكالة الفهرسة الأصلية GCL /
وكالة النسخ GCL
082 04 - رقم تصنيف ديوى العشرى
رقم التصنيف 791.447
رقم المادة ا ب
100 1# - المدخل الرئيسى - إسم شخصى
الإسم الشخصى اتحاد اذاعات الدول العربية
245 10 - بيان العنوان
العنوان برامج الاطفال فى الراديو والتليفزيون 0 حلقة دراسية - دراسات وبحوث اذاعية /
بيان المسئوليه,etc اتحاد اذاعات الدول العربية
300 ## - الوصف المادى
التعداد 198 ص
490 ## - بيان السلسلة
عنوان السلسلة دراسات وبحوث اذاعية
رقم المجلد/ التعيين التسلسلي 0
650 04 - المدخل الاضافى بالموضوع-مصطلح موضوعى
مصطلح موضوعي الاطفال
650 04 - المدخل الاضافى بالموضوع-مصطلح موضوعى
مصطلح موضوعي برامج الاذاعة
650 04 - المدخل الاضافى بالموضوع-مصطلح موضوعى
مصطلح موضوعي التليفزيون والاطفال
650 04 - المدخل الاضافى بالموضوع-مصطلح موضوعى
مصطلح موضوعي الاطفال والاعلام
650 04 - المدخل الاضافى بالموضوع-مصطلح موضوعى
مصطلح موضوعي الاذاعة والاطفال
942 ## - عناصر المدخل الإضافي( كوها)
مصدر التصنيف او مخطط الترفيف Dewey Decimal Classification
Koha [default] item type كتاب
Holdings
حالة التراجع حالة الفقد حالة تلف ليس للاعارة المكان المؤقت الموقع الحالى تاريخ الاكتساب اجمالي اﻻعارات رقم الطلب الباركود تاريخ اخر مشاهدة تاريخ تفعيل السعر نوع وعاء كوها
        مكتبة القاهرة الكبرى مكتبة القاهرة الكبرى 03/26/2014   791.447\ا ب 121095 03/26/2014 03/26/2014 كتاب

Powered By

EGPV